Technologie osvobodí HR od administrativní zátěže

Rozhovor so Sabrinou Dick, HR riaditeľkou spoločnosti SAP o nástupe nových technológií a súčasných výzvach HR.

Saved in:
Bibliographic Details
Main Author: Dick, Sabrina
Other Authors: Kazdová, Alena
Format: Book Chapter
Language:Czech
Subjects:
Tags: Add Tag
No Tags, Be the first to tag this record!

MARC

LEADER 00000naa a2200000 4500
001 0246988
005 20180815122701.8
041 0 |a cze 
044 |a CZ 
245 1 0 |a Technologie osvobodí HR od administrativní zátěže  |c Sabrina Dick, Alena Kazdová 
520 |a Rozhovor so Sabrinou Dick, HR riaditeľkou spoločnosti SAP o nástupe nových technológií a súčasných výzvach HR. 
610 2 0 |a zdroje ľudské 
610 2 0 |a riadenie ľudských zdrojov 
610 2 0 |a technológie komunikačné 
610 2 0 |a technológie nové 
610 2 0 |a generácie 
610 2 0 |a manažment 
610 2 0 |a osobnosť 
100 1 |a Dick, Sabrina 
700 1 |a Kazdová, Alena